Statistics for Shakespearean Phrases

Click here to take the quiz!

General Stats

  • This quiz has been taken 8,418 times
  • The average score is 15 of 22

Answer Stats

Play Phrase % Correct
The Merchant of VeniceAll that glitters is not {gold}
97%
Henry VIOff with his {head}
93%
Romeo and JulietWild {goose} chase
91%
OthelloWear one’s heart on one’s {sleeve}
90%
MacbethKnock, knock! {Who}'{s} {there}?
89%
The TempestBrave new {world}
89%
HamletThere's a method in his {madness}
88%
MacbethThe be-all and {end}-{all}
80%
The Merchant of VeniceWith bated {breath}
79%
The Taming of
the Shrew
Forever and a {day}
74%
OthelloA foregone {conclusion}
73%
Henry VThe {devil} incarnate
69%
HamletThe lady doth {protest} too much
66%
King JohnPlay {fast} and loose
64%
Julius CaesarCry havoc and let slip the
dogs of {war}
62%
MacbethOne fell {swoop}
60%
The Tempest{Strange} bedfellows
54%
MacbethThe milk of human {kindness}
52%
Henry IVThe {game} is afoot
48%
HamletDown the primrose {path}
42%
HamletBrevity is the soul of {wit}
42%
Hamlet{Hoist} with his own petard
36%

Score Distribution

Percentile by Number Answered

Percent of People with Each Score

Your Score History

You have not taken this quiz